Top 15 des pays avec les décès de Covid-19 - 9 mars 2022 - Statistiques

Statistiques générales
  • Ce quiz a été pris 43 fois
  • Le résultat moyen est 11 sur 26
Statistiques - réponses
pays % Correct
États-Unis
100%
France
100%
Allemagne
84%
Russie
81%
Italie
77%
Mexique
77%
Inde
74%
Brésil
72%
Royaume-Uni
67%
Argentine
63%
Colombie
44%
Pologne
42%
Indonésie
33%
Roumanie
33%
Iran
30%
Pérou
28%
Slovénie
26%
Tchèquie
21%
Croatie
19%
Slovaquie
19%
Hongrie
16%
Bulgarie
14%
Bosnie-Herzégovine
12%
Géorgie
7%
Lituanie
5%
Macédoine du Nord
2%
Aucun quiz correspondant
Distribution des résultats
% des personnes avec chaque résultat
Percentile par nombre de réponses
Votre historique - résultats
Vous n’avez pas pris ce quiz